| 000 | 00499 a2200193 4500 | ||
|---|---|---|---|
| 005 | 20240604143246.0 | ||
| 008 | 240604b |||||||| |||| 00| 0 eng d | ||
| 020 |
_a9781788017862 _c£ 59.99 |
||
| 040 | _aMAIN | ||
| 082 |
_a572 _bR181M(7) |
||
| 100 | _aRapley, Ralph, ed. | ||
| 245 | _aMolecular biology and biotechnology | ||
| 250 | _a7th | ||
| 260 |
_bRoyal Society of Chemistry _c2021 _aUK |
||
| 300 | _axvii, 529 | ||
| 650 | _aBiochemistry | ||
| 650 | _aMolecular Biology | ||
| 942 | _cBK | ||
| 999 |
_c311942 _d311942 |
||